LEADER 00832nam0-2200277 --450 001 9910162159103321 005 20170619150016.0 010 $a88-7603-000-X 100 $a20170214d2004----kmuy0itay5050 ba 101 0 $aita 102 $aIT 105 $a 001yy 200 1 $aDire, fare, partecipare$elaboratori di partecipazione: dal Piano regolatore ai progetti sostenibili di Villasanta$fa cura di Davide Fortini 210 $aRoma$cInu$d2004 215 $a151 p.$cill.$d21 cm 610 0 $aPiani regolatori$aVillasanta 676 $a711.094521$v19 702 1$aFortini,$bDavide 801 0$aIT$bUNINA$gRICA$2UNIMARC 901 $aBK 912 $a9910162159103321 952 $aINU B 541$b761$fFARBC 952 $aINU B 996$b1379$fFARBC 959 $aFARBC 996 $aDire, fare, partecipare$91469409 997 $aUNINA LEADER 00828nam0-22002531i-450 001 990005553710403321 005 20220520140731.0 035 $a000555371 100 $a19990530d1959----km-y0itay50------ba 101 0 $afre 105 $aaf y 001yy 200 1 $aFouilles exécutées a Mallia$eexploration des maisons et quartiers d'habitation (1948-1954)$edeuxième fascicule$fpar Jean Deshayes et André Dessenne 210 $aParis$cPaul Geuthner$d1959 215 $a169 p., 74 tav.$d29 cm 225 1 $aÉtudes crétoises$v11 700 1$aDeshayes,$bJean$0212089 702 1$aDessenne,$bAndré 801 0$aIT$bUNINA$gRICA$2UNIMARC 901 $aBK 912 $a990005553710403321 952 $a939.18 ET CRET 1 (11)$bARCH. 9923$fFLFBC 959 $aFLFBC 996 $aFouilles exècutèes a Mallia$9611843 997 $aUNINA